000 00461nam a2200169Ia 4500
003 GCL
008 140319s9999 xx 000 0 ara d
040 _aGCL /
_cGCL
082 0 4 _a547
_bع ك
100 1 _aعادل احمد جرار
245 1 0 _aالكيمياء العضوية الحديثة /
_cعادل احمد جرار
300 _a692 ص
490 _a
650 0 4 _aالكيمياء
650 0 4 _aالكيمياء العضوية
942 _2ddc
_cBK
999 _c41930
_d41930